| 000 | 01037nam a22002537a 4500 | ||
|---|---|---|---|
| 999 |
_c63518 _d63518 |
||
| 005 | 20240530110645.0 | ||
| 008 | 171111s2016 jo a g b 000 0dara d | ||
| 017 |
_a2016/9/4301 _bالمملكة الاردنية الهاشمية . دائرة المكتبة الوطنية |
||
| 020 | _a9789957177010 | ||
| 040 |
_aEG-CaGPL _cEG-CaGPL |
||
| 082 | 0 | 4 |
_221 _a001.42\ _bع م |
| 100 | 0 | _aعبدالملك الدنانى . | |
| 245 | 1 | 0 |
_aمناهج بحوث الاتصال الحديثة / _cتأليف عبدالملك الدنانى ، سامية احمد هاشم . |
| 250 | _aط.1 | ||
| 260 |
_aعمان : _bمكتبة الفلاح للنشر و التوزيع ، _c2016 . |
||
| 300 |
_a231 ص. ؛ _c24 سم. |
||
| 504 | _aببليوجرافية : ص 221 - 229 | ||
| 650 | 0 | 7 |
_2qrmak _aطرق البحث |
| 650 | 0 | 7 |
_2qrmak _aالاعلام _xطرق بحث |
| 650 | 0 | 7 |
_2qrmak _aالبحوث |
| 700 | 0 |
_aسامية احمد هاشم _eمؤلف مشارك . |
|
| 942 |
_2ddc _cBK |
||